[Event "XXVI Miedzynarodowy Festiwal Szachowy im.Jozefa Dominika"]
[Site "Dobczyce"]
[Date "2018.07.15"]
[Round "8.4"]
[White "Tymrakiewicz, Rafal"]
[Black "Bednarczyk, Damian"]
[Result "0-1"]
[BlackElo "2227"]
[WhiteElo "2218"]
[LiveChessVersion "1.4.8"]

1. e4 {[%clk 1:27:51]} c5 {[%clk 1:30:53]} 2. d4 {[%clk 1:24:43]} cxd4
{[%clk 1:31:12]} 3. c3 {[%clk 1:25:11]} Nf6 {[%clk 1:31:07]} 4. e5
{[%clk 1:25:32]} Nd5 {[%clk 1:31:32]} 5. Qxd4 {[%clk 1:20:47]} e6
{[%clk 1:29:06]} 6. Nf3 {[%clk 1:21:08]} Nc6 {[%clk 1:28:14]} 7. Qe4
{[%clk 1:21:31]} f5 {[%clk 1:19:08]} 8. Qe2 {[%clk 1:21:28]} Be7 {[%clk 1:10:38]}
9. g3 {[%clk 1:16:35]} d6 {[%clk 0:40:01]} 10. exd6 {[%clk 1:11:32]} Qxd6
{[%clk 0:33:09]} 11. Bg2 {[%clk 0:46:45]} e5 {[%clk 0:24:24]} 12. O-O
{[%clk 0:39:12]} e4 {[%clk 0:24:16]} 13. Rd1 {[%clk 0:38:10]} Qc5
{[%clk 0:17:00]} 14. b4 {[%clk 0:23:15]} Nxc3 {[%clk 0:15:44]} 15. Nxc3
{[%clk 0:23:35]} Qxc3 {[%clk 0:15:28]} 16. Bb2 {[%clk 0:23:57]} Qxb4
{[%clk 0:12:18]} 17. Bxg7 {[%clk 0:21:43]} Rg8 {[%clk 0:12:36]} 18. Rab1
{[%clk 0:16:48]} Qa4 {[%clk 0:10:49]} 19. Ba1 {[%clk 0:15:46]} Be6
{[%clk 0:07:46]} 20. Ne5 {[%clk 0:13:20]} Nxe5 {[%clk 0:06:20]} 21. Bxe5
{[%clk 0:13:45]} Qa6 {[%clk 0:05:32]} 22. Qh5+ {[%clk 0:13:51]} Rg6
{[%clk 0:05:20]} 23. Qxh7 {[%clk 0:13:12]} Bf7 {[%clk 0:04:57]} 24. Bf1
{[%clk 0:12:26]} Qe6 {[%clk 0:05:20]} 25. Bf4 {[%clk 0:11:50]} b6
{[%clk 0:01:28]} 26. Rbc1 {[%clk 0:08:50]} Rd8 {[%clk 0:00:50]} 27. Bb5+
{[%clk 0:07:31]} Kf8 {[%clk 0:01:16]} 28. Rxd8+ {[%clk 0:06:53]} Bxd8
{[%clk 0:01:45]} 29. Bc4 {[%clk 0:06:43]} Qf6 {[%clk 0:01:45]} 30. Bd6+
{[%clk 0:05:07]} Be7 {[%clk 0:01:36]} 31. Bxf7 {[%clk 0:05:21]} Rg7
{[%clk 0:01:27]} 32. Bxe7+ {[%clk 0:00:55]} Kxe7 {[%clk 0:01:48]} 33. Qh5
{[%clk 0:00:46]} Rxf7 {[%clk 0:02:12]} 34. Qe2 {[%clk 0:00:38]} Kf8
{[%clk 0:01:47]} 35. Rc8+ {[%clk 0:00:56]} Kg7 {[%clk 0:01:48]} 36. Qh5
{[%clk 0:01:21]} Rf8 {[%clk 0:02:04]} 37. Rc1 {[%clk 0:01:04]} Rf7
{[%clk 0:01:57]} 38. Rd1 {[%clk 0:01:07]} Qg6 {[%clk 0:00:56]} 39. Qh4
{[%clk 0:01:05]} Qf6 {[%clk 0:00:57]} 40. Qh5 {[%clk 0:01:30]} Qg6
{[%clk 0:01:09]} 41. Qe2 {[%clk 0:01:49]} f4 {[%clk 0:01:27]} 42. Rd4
{[%clk 0:01:04]} Re7 {[%clk 0:01:05]} 43. Kf1 {[%clk 0:00:44]} Qf5
{[%clk 0:00:57]} 44. g4 {[%clk 0:00:40]} Qe5 {[%clk 0:01:09]} 45. Rd1
{[%clk 0:00:50]} Qc3 {[%clk 0:01:14]} 46. Kg1 {[%clk 0:00:42]} Qh3
{[%clk 0:01:01]} 47. Qf1 {[%clk 0:00:39]} Qxg4+ 48. Qg2 Qxg2+ {[%clk 0:01:28]}
49. Kxg2 {[%clk 0:01:39]} Kf6 {[%clk 0:01:49]} 50. Rd8 {[%clk 0:01:00]} Rg7+
{[%clk 0:01:02]} 51. Kf1 {[%clk 0:01:15]} Kf5 {[%clk 0:00:58]} 52. Ke2
{[%clk 0:01:08]} Rg2 {[%clk 0:00:48]} 53. Rf8+ {[%clk 0:01:10]} Ke5
{[%clk 0:01:11]} 54. Re8+ {[%clk 0:01:08]} Kd4 {[%clk 0:01:21]} 55. Rd8+
{[%clk 0:01:34]} Kc3 {[%clk 0:01:18]} 56. Rf8 {[%clk 0:01:57]} f3+
{[%clk 0:01:05]} 57. Ke3 {[%clk 0:02:17]} Rxh2 {[%clk 0:00:59]} 58. Re8
{[%clk 0:01:09]} b5 {[%clk 0:00:42]} 59. Rxe4 {[%clk 0:01:05]} Rh3
{[%clk 0:00:51]} 60. Re7 {[%clk 0:00:44]} a5 {[%clk 0:01:00]} 61. Re5
{[%clk 0:01:03]} Kb4 {[%clk 0:01:05]} 62. Rf5 {[%clk 0:00:38]} Ka4
{[%clk 0:00:51]} 63. Kd3 {[%clk 0:00:33]} Rh1 {[%clk 0:01:00]} 64. Kc3
{[%clk 0:00:48]} Re1 {[%clk 0:01:15]} 65. a3 {[%clk 0:00:33]} Ra1
{[%clk 0:01:16]} 66. Rf4+ {[%clk 0:00:32]} Kxa3 {[%clk 0:01:41]} 67. Rxf3
{[%clk 0:00:58]} b4+ {[%clk 0:01:19]} 68. Kc2+ {[%clk 0:00:33]} Ka2
{[%clk 0:01:32]} 69. Rf5 {[%clk 0:00:32]} b3+ {[%clk 0:01:22]} 70. Kc3
{[%clk 0:00:34]} Rc1+ {[%clk 0:01:46]} 71. Kd2 {[%clk 0:00:55]} Rc2+
{[%clk 0:02:10]} 72. Kd1 {[%clk 0:01:22]} a4 {[%clk 0:02:34]} 73. Ra5
{[%clk 0:00:41]} a3 {[%clk 0:02:57]} 74. f4 {[%clk 0:00:47]} Rh2 {[%clk 0:03:05]}
75. f5 {[%clk 0:00:34]} b2 {[%clk 0:03:27]} 0-1

[Event "XXVI Miedzynarodowy Festiwal Szachowy im.Jozefa Dominika"]
[Site "Dobczyce"]
[Date "2018.07.15"]
[Round "8.5"]
[White "Kuciel, Wladyslaw"]
[Black "Watorek, Marcin"]
[Result "0-1"]
[BlackElo "2113"]
[WhiteElo "1963"]
[LiveChessVersion "1.4.8"]

1. d4 {[%clk 1:30:48]} d5 {[%clk 1:29:08]} 2. Nf3 {[%clk 1:31:07]} c5
{[%clk 1:29:26]} 3. c3 {[%clk 1:30:55]} Nf6 {[%clk 1:29:06]} 4. g3
{[%clk 1:31:09]} Nc6 {[%clk 1:29:06]} 5. Bg2 {[%clk 1:31:26]} Bf5
{[%clk 1:28:18]} 6. O-O {[%clk 1:31:43]} e6 {[%clk 1:28:43]} 7. Nbd2
{[%clk 1:31:19]} cxd4 {[%clk 1:25:22]} 8. Nxd4 {[%clk 1:31:33]} Nxd4
{[%clk 1:25:44]} 9. cxd4 {[%clk 1:31:55]} Bd6 {[%clk 1:25:17]} 10. Nf3
{[%clk 1:27:46]} O-O {[%clk 1:25:20]} 11. Qb3 {[%clk 1:25:58]} Qb6
{[%clk 1:16:39]} 12. Qxb6 {[%clk 1:25:39]} axb6 {[%clk 1:11:06]} 13. Bf4
{[%clk 1:25:56]} Bxf4 {[%clk 1:01:07]} 14. gxf4 {[%clk 1:26:19]} Rfc8
{[%clk 1:01:35]} 15. Rfc1 {[%clk 1:25:44]} Kf8 {[%clk 1:00:58]} 16. a3
{[%clk 1:25:41]} Ke7 {[%clk 1:00:06]} 17. Nd2 {[%clk 1:21:23]} Bc2
{[%clk 0:56:33]} 18. Nb1 {[%clk 1:20:57]} Be4 {[%clk 0:53:31]} 19. Nc3
{[%clk 1:20:43]} Bxg2 {[%clk 0:53:42]} 20. Kxg2 {[%clk 1:21:03]} Rc6
{[%clk 0:51:08]} 21. f3 {[%clk 1:19:17]} Rac8 {[%clk 0:51:04]} 22. Kf2
{[%clk 1:18:53]} Ne8 {[%clk 0:41:56]} 23. e4 {[%clk 1:16:38]} Kd7
{[%clk 0:41:08]} 24. Ke3 {[%clk 1:11:59]} Nd6 {[%clk 0:39:12]} 25. Kd3
{[%clk 1:12:16]} Nb5 {[%clk 0:23:37]} 26. Na2 {[%clk 1:11:28]} Nd6
{[%clk 0:23:21]} 27. Rg1 {[%clk 1:02:09]} Rc2 {[%clk 0:20:28]} 28. Rxg7
{[%clk 0:57:49]} dxe4+ {[%clk 0:19:43]} 29. fxe4 {[%clk 0:58:10]} Rxh2
{[%clk 0:20:11]} 30. Nb4 {[%clk 0:55:46]} Rh3+ {[%clk 0:18:18]} 31. Ke2
{[%clk 0:56:05]} Ke7 {[%clk 0:18:44]} 32. d5 {[%clk 0:55:23]} Nxe4
{[%clk 0:17:26]} 33. Rd1 {[%clk 0:54:00]} Kf6 {[%clk 0:16:25]} 34. Rgg1
{[%clk 0:54:13]} Rd8 {[%clk 0:16:37]} 35. dxe6 {[%clk 0:51:02]} Rxd1
{[%clk 0:16:55]} 36. Rxd1 {[%clk 0:51:21]} Kxe6 {[%clk 0:17:19]} 37. Rd5
{[%clk 0:50:52]} Nc5 {[%clk 0:15:18]} 38. Re5+ {[%clk 0:50:00]} Kd6
{[%clk 0:15:04]} 39. Rf5 {[%clk 0:49:56]} Ke6 {[%clk 0:13:40]} 40. Re5+
{[%clk 0:50:17]} Kf6 {[%clk 0:12:53]} 41. Nd5+ {[%clk 0:49:56]} Kg7
{[%clk 0:13:18]} 42. Rg5+ {[%clk 0:43:02]} Kf8 {[%clk 0:13:44]} 43. Nxb6
{[%clk 0:43:14]} Rh2+ {[%clk 0:13:42]} 44. Kf3 {[%clk 0:43:33]} Rxb2
{[%clk 0:13:30]} 45. Nc4 {[%clk 0:42:12]} Rb3+ {[%clk 0:13:54]} 46. Kg4
{[%clk 0:42:29]} Ne6 {[%clk 0:13:27]} 47. Rf5 {[%clk 0:41:44]} Ke7
{[%clk 0:13:01]} 48. Re5 {[%clk 0:39:56]} Rd3 {[%clk 0:10:46]} 49. Ne3
{[%clk 0:36:29]} Kf6 {[%clk 0:10:46]} 50. Nd5+ {[%clk 0:35:00]} Kg7
{[%clk 0:10:56]} 51. f5 {[%clk 0:33:13]} h5+ {[%clk 0:09:40]} 52. Kh4
{[%clk 0:32:58]} Rd4+ {[%clk 0:09:56]} 53. Kg3 {[%clk 0:33:09]} h4+
{[%clk 0:10:20]} 54. Kf2 {[%clk 0:32:20]} Ng5 {[%clk 0:09:22]} 55. Ke3
{[%clk 0:30:20]} Ra4 {[%clk 0:09:19]} 56. f6+ {[%clk 0:29:39]} Kh6
{[%clk 0:09:44]} 57. Re8 {[%clk 0:28:14]} h3 {[%clk 0:08:56]} 58. Rh8+
{[%clk 0:27:58]} Kg6 {[%clk 0:08:53]} 59. Nb6 {[%clk 0:26:35]} Rxa3+
{[%clk 0:08:36]} 60. Kf4 {[%clk 0:27:04]} Ne6+ {[%clk 0:08:21]} 61. Ke5
{[%clk 0:27:32]} Re3+ {[%clk 0:08:30]} 62. Kd6 {[%clk 0:27:55]} Ng5
{[%clk 0:07:57]} 63. Nd5 {[%clk 0:28:00]} Re1 {[%clk 0:07:25]} 64. Ne7+
{[%clk 0:25:35]} Kxf6 {[%clk 0:07:48]} 65. Rh6+ {[%clk 0:25:59]} Kg7
{[%clk 0:08:12]} 66. Nf5+ {[%clk 0:26:24]} Kg8 {[%clk 0:08:19]} 67. Ne7+
{[%clk 0:26:45]} Kf8 {[%clk 0:07:12]} 68. Nf5 {[%clk 0:25:34]} Re6+
{[%clk 0:07:38]} 0-1

[Event "XXVI Miedzynarodowy Festiwal Szachowy im.Jozefa Dominika"]
[Site "Dobczyce"]
[Date "2018.07.15"]
[Round "8.6"]
[White "Furtak, Joanna"]
[Black "Marzec, Karol"]
[Result "0-1"]
[BlackElo "2006"]
[WhiteElo "1948"]
[LiveChessVersion "1.4.8"]

1. e4 {[%clk 1:30:58]} d6 {[%clk 1:30:55]} 2. d4 {[%clk 1:31:21]} Nf6
{[%clk 1:30:50]} 3. Nc3 {[%clk 1:31:47]} g6 {[%clk 1:31:13]} 4. Bg5
{[%clk 1:32:12]} Bg7 {[%clk 1:31:28]} 5. Qd2 {[%clk 1:32:37]} h6 {[%clk 1:30:21]}
6. Bh4 {[%clk 1:32:59]} g5 {[%clk 1:30:29]} 7. Bg3 {[%clk 1:33:25]} Nh5
{[%clk 1:30:47]} 8. Nge2 {[%clk 1:32:59]} Nc6 {[%clk 1:27:48]} 9. f3
{[%clk 1:33:10]} Nxg3 {[%clk 1:27:43]} 10. hxg3 {[%clk 1:33:36]} a6
{[%clk 1:23:32]} 11. f4 {[%clk 1:26:58]} gxf4 {[%clk 1:18:50]} 12. gxf4
{[%clk 1:27:23]} Bg4 {[%clk 1:18:05]} 13. O-O-O {[%clk 1:23:23]} e5
{[%clk 1:07:57]} 14. dxe5 {[%clk 1:21:26]} dxe5 {[%clk 1:06:37]} 15. Qxd8+
{[%clk 1:21:40]} Rxd8 {[%clk 1:06:40]} 16. Nd5 {[%clk 1:04:27]} Nd4
{[%clk 0:57:03]} 17. Nxc7+ {[%clk 1:02:57]} Kd7 {[%clk 0:56:47]} 18. fxe5
{[%clk 1:03:14]} Kxc7 {[%clk 0:55:49]} 19. Rxd4 {[%clk 1:03:19]} Bxe5
{[%clk 0:54:40]} 20. Rd3 {[%clk 1:00:10]} Bf6 {[%clk 0:46:02]} 21. Nf4
{[%clk 0:54:19]} Bg5 {[%clk 0:45:24]} 22. g3 {[%clk 0:54:44]} Rhe8
{[%clk 0:44:07]} 23. Bg2 {[%clk 0:54:01]} f5 {[%clk 0:42:35]} 24. exf5
{[%clk 0:53:08]} Bxf5 {[%clk 0:42:36]} 25. Rxd8 {[%clk 0:53:12]} Kxd8
{[%clk 0:42:14]} 26. Bh3 {[%clk 0:46:56]} Bxh3 {[%clk 0:41:12]} 27. Rxh3
{[%clk 0:47:22]} Re3 {[%clk 0:40:43]} 28. Kd2 {[%clk 0:40:10]} Bxf4
{[%clk 0:39:54]} 29. Rh4 {[%clk 0:40:09]} Bg5 {[%clk 0:39:55]} 30. Rd4+
{[%clk 0:40:35]} Kc7 {[%clk 0:40:00]} 0-1

[Event "XXVI Miedzynarodowy Festiwal Szachowy im.Jozefa Dominika"]
[Site "Dobczyce"]
[Date "2018.07.15"]
[Round "8.7"]
[White "Slabek, Grzegorz"]
[Black "Cisek, Kamil"]
[Result "1/2-1/2"]
[BlackElo "1726"]
[WhiteElo "1971"]
[LiveChessVersion "1.4.8"]

1. Nf3 {[%clk 1:30:56]} d5 {[%clk 1:30:52]} 2. d4 {[%clk 1:31:19]} e6
{[%clk 1:31:03]} 3. g3 {[%clk 1:31:01]} Nf6 {[%clk 1:30:39]} 4. Bg2
{[%clk 1:31:19]} Be7 {[%clk 1:30:34]} 5. O-O {[%clk 1:31:15]} O-O
{[%clk 1:30:03]} 6. b3 {[%clk 1:31:28]} b6 {[%clk 1:28:55]} 7. Bb2
{[%clk 1:31:44]} Bb7 {[%clk 1:28:42]} 8. Nbd2 {[%clk 1:32:03]} Nbd7
{[%clk 1:27:11]} 9. c4 {[%clk 1:32:10]} c5 {[%clk 1:27:04]} 10. e3
{[%clk 1:32:29]} Rc8 {[%clk 1:22:47]} 11. Rc1 {[%clk 1:32:49]} Ne4
{[%clk 1:14:18]} 12. Nxe4 {[%clk 1:30:51]} dxe4 {[%clk 1:14:43]} 13. Ne5
{[%clk 1:30:29]} f5 {[%clk 1:14:19]} 14. Nxd7 {[%clk 1:30:47]} Qxd7
{[%clk 1:14:24]} 15. dxc5 {[%clk 1:31:10]} Qxd1 {[%clk 1:14:15]} 16. Rfxd1
{[%clk 1:31:32]} Bxc5 {[%clk 1:14:09]} 17. Rd7 {[%clk 1:31:41]} Rf7
{[%clk 1:13:33]} 18. Rcd1 {[%clk 1:32:00]} Bc6 {[%clk 1:09:11]} 19. Rd8+
{[%clk 1:31:08]} Rxd8 {[%clk 1:07:56]} 20. Rxd8+ {[%clk 1:31:32]} Rf8
{[%clk 1:08:20]} 21. Rd2 {[%clk 1:31:39]} Kf7 {[%clk 1:07:21]} 22. Bf1
{[%clk 1:31:53]} a5 {[%clk 1:04:13]} 23. Be2 {[%clk 1:31:33]} Ra8
{[%clk 0:54:35]} 24. Bc3 {[%clk 1:31:43]} g6 {[%clk 0:54:07]} 25. Kf1
{[%clk 1:31:45]} Ke7 {[%clk 0:54:06]} 26. Ke1 {[%clk 1:32:09]} g5
{[%clk 0:47:18]} 27. Kd1 {[%clk 1:31:14]} Rf8 {[%clk 0:45:20]} 28. Bd4
{[%clk 1:29:11]} f4 {[%clk 0:42:40]} 29. Kc2 {[%clk 1:28:03]} Bxd4
{[%clk 0:38:51]} 30. exd4 {[%clk 1:27:30]} e3 {[%clk 0:39:10]} 31. fxe3
{[%clk 1:27:39]} fxe3 {[%clk 0:39:36]} 32. Rd1 {[%clk 1:27:56]} Be4+
{[%clk 0:34:56]} 33. Kc3 {[%clk 1:28:03]} Rf2 {[%clk 0:35:01]} 34. Re1
{[%clk 1:28:32]} Kd6 {[%clk 0:32:41]} 35. h4 {[%clk 1:24:18]} 1/2-1/2

[Event "XXVI Miedzynarodowy Festiwal Szachowy im.Jozefa Dominika"]
[Site "Dobczyce"]
[Date "2018.07.15"]
[Round "8.8"]
[White "Kawula, Andrzej"]
[Black "Kucharski, Bartlomiej"]
[Result "0-1"]
[BlackElo "1861"]
[WhiteElo "1848"]
[LiveChessVersion "1.4.8"]

1. d4 {[%clk 1:30:42]} Nf6 {[%clk 1:30:17]} 2. c4 {[%clk 1:30:41]} c5
{[%clk 1:29:56]} 3. e3 {[%clk 1:30:25]} e6 {[%clk 1:27:00]} 4. Nf3
{[%clk 1:28:53]} d5 {[%clk 1:25:22]} 5. cxd5 {[%clk 1:28:40]} Nxd5
{[%clk 1:20:28]} 6. e4 {[%clk 1:21:20]} Nf6 {[%clk 1:18:50]} 7. Nc3
{[%clk 1:19:13]} cxd4 {[%clk 1:12:46]} 8. Nxd4 {[%clk 1:18:59]} e5
{[%clk 1:05:26]} 9. Bb5+ {[%clk 1:14:58]} Bd7 {[%clk 1:04:05]} 10. Nf5
{[%clk 1:09:44]} Bxb5 {[%clk 0:54:25]} 11. Qxd8+ {[%clk 1:08:47]} Kxd8
{[%clk 0:54:53]} 12. Nxb5 {[%clk 1:08:31]} Nxe4 {[%clk 0:53:19]} 13. f3
{[%clk 1:01:16]} a6 {[%clk 0:42:01]} 14. fxe4 {[%clk 0:55:02]} axb5
{[%clk 0:42:15]} 15. Be3 {[%clk 0:55:20]} Kc7 {[%clk 0:31:30]} 16. Bd2
{[%clk 0:48:47]} Ra4 {[%clk 0:28:33]} 17. Ng3 {[%clk 0:44:30]} Nc6
{[%clk 0:28:25]} 18. O-O {[%clk 0:38:47]} Bc5+ {[%clk 0:26:57]} 19. Kh1
{[%clk 0:39:16]} f6 {[%clk 0:26:43]} 20. b3 {[%clk 0:33:47]} Ra6 {[%clk 0:21:46]}
21. Rac1 {[%clk 0:33:54]} Bd4 {[%clk 0:21:15]} 22. Nf5 {[%clk 0:27:15]} Rxa2
{[%clk 0:19:41]} 23. Bb4 {[%clk 0:26:03]} Kd7 {[%clk 0:18:23]} 24. Bc5
{[%clk 0:26:09]} Bxc5 {[%clk 0:08:54]} 25. Rxc5 {[%clk 0:26:25]} Rg8
{[%clk 0:01:06]} 26. Rd1+ {[%clk 0:23:21]} Kc7 {[%clk 0:01:15]} 27. Rxb5
{[%clk 0:16:19]} Re2 {[%clk 0:00:58]} 28. Rbd5 {[%clk 0:15:15]} Rxe4
{[%clk 0:00:37]} 29. Rd7+ {[%clk 0:15:30]} Kb8 {[%clk 0:00:37]} 30. Nxg7
{[%clk 0:13:32]} Rb4 {[%clk 0:00:32]} 31. Nh5 {[%clk 0:13:54]} f5
{[%clk 0:00:35]} 32. Nf6 {[%clk 0:13:31]} Rg6 {[%clk 0:00:48]} 33. Rf7
{[%clk 0:13:08]} Rxb3 {[%clk 0:00:35]} 34. Nd7+ {[%clk 0:13:27]} Kc8
{[%clk 0:00:38]} 35. Ra1 {[%clk 0:11:50]} Nd8 {[%clk 0:00:35]} 36. Rxh7
{[%clk 0:11:13]} Ra6 {[%clk 0:00:34]} 37. Rd1 {[%clk 0:09:33]} Ra5 38. Nf6
{[%clk 0:05:14]} e4 {[%clk 0:00:35]} 39. Rh8 {[%clk 0:05:11]} Rd3
{[%clk 0:00:59]} 40. Rc1+ {[%clk 0:05:41]} Kb8 {[%clk 0:01:16]} 41. g4
{[%clk 0:05:04]} e3 {[%clk 0:01:24]} 42. gxf5 {[%clk 0:04:05]} e2
{[%clk 0:01:20]} 43. Kg2 {[%clk 0:02:30]} Rd1 {[%clk 0:01:22]} 44. Rxd8+
{[%clk 0:02:36]} Rxd8 {[%clk 0:01:46]} 45. Re1 {[%clk 0:03:02]} Rxf5
{[%clk 0:01:46]} 46. Ng4 {[%clk 0:03:15]} Re8 {[%clk 0:01:42]} 47. h3
{[%clk 0:01:28]} b5 {[%clk 0:01:58]} 48. Nh2 {[%clk 0:01:35]} b4 {[%clk 0:01:57]}
49. Nf3 {[%clk 0:01:34]} Rg8+ {[%clk 0:02:13]} 0-1

[Event "XXVI Miedzynarodowy Festiwal Szachowy im.Jozefa Dominika"]
[Site "Dobczyce"]
[Date "2018.07.15"]
[Round "8.9"]
[White "Kozak, Antoni"]
[Black "Mirowska, Oliwia"]
[Result "1-0"]
[BlackElo "1429"]
[WhiteElo "2208"]
[LiveChessVersion "1.4.8"]

1. e4 {[%clk 1:30:57]} c5 {[%clk 1:30:26]} 2. Nf3 {[%clk 1:31:21]} g6
{[%clk 1:30:27]} 3. c3 {[%clk 1:31:45]} d5 {[%clk 1:20:06]} 4. e5
{[%clk 1:32:07]} Nc6 {[%clk 1:17:22]} 5. d4 {[%clk 1:31:51]} cxd4
{[%clk 0:58:02]} 6. cxd4 {[%clk 1:32:13]} Bg7 {[%clk 0:57:16]} 7. Bb5
{[%clk 1:32:32]} Bg4 {[%clk 0:49:09]} 8. Bxc6+ {[%clk 1:32:51]} bxc6
{[%clk 0:49:23]} 9. Nbd2 {[%clk 1:29:13]} f6 {[%clk 0:41:54]} 10. Qa4
{[%clk 1:27:14]} Qb6 {[%clk 0:35:19]} 11. O-O {[%clk 1:27:27]} fxe5
{[%clk 0:32:39]} 12. Nxe5 {[%clk 1:27:24]} Bxe5 {[%clk 0:32:15]} 13. dxe5
{[%clk 1:27:49]} h5 {[%clk 0:29:01]} 14. Nb3 {[%clk 1:26:45]} Bd7
{[%clk 0:26:49]} 15. Qa3 {[%clk 1:18:15]} Qc7 {[%clk 0:25:00]} 16. Be3
{[%clk 1:17:27]} Nh6 {[%clk 0:21:56]} 17. Rfe1 {[%clk 1:11:15]} Nf5
{[%clk 0:19:03]} 18. Bc5 {[%clk 1:09:46]} Be6 {[%clk 0:12:17]} 19. Nd4
{[%clk 1:05:32]} Nxd4 {[%clk 0:11:48]} 20. Bxd4 {[%clk 1:05:58]} O-O
{[%clk 0:10:33]} 21. Qe3 {[%clk 1:06:25]} Kh7 {[%clk 0:10:27]} 22. Rac1
{[%clk 1:06:10]} Rf5 {[%clk 0:09:46]} 23. Rc2 {[%clk 1:05:35]} Bd7
{[%clk 0:06:51]} 24. e6 {[%clk 1:04:20]} Be8 {[%clk 0:07:10]} 25. g3
{[%clk 1:04:42]} Qa5 {[%clk 0:06:43]} 26. a3 {[%clk 1:02:46]} Rb8
{[%clk 0:03:56]} 27. b4 {[%clk 1:01:46]} Qa4 {[%clk 0:03:50]} 28. Rc5
{[%clk 1:02:09]} Rb5 {[%clk 0:03:48]} 29. Bb2 {[%clk 1:02:00]} a5
{[%clk 0:03:16]} 30. Qd4 {[%clk 1:02:08]} Rf6 {[%clk 0:02:58]} 31. Rxb5
{[%clk 1:02:29]} Qxb5 {[%clk 0:03:06]} 32. Qa7 {[%clk 1:02:54]} 1-0

[Event "XXVI Miedzynarodowy Festiwal Szachowy im.Jozefa Dominika"]
[Site "Dobczyce"]
[Date "2018.07.15"]
[Round "9.1"]
[White "Mis, Mieszko"]
[Black "Watorek, Marcin"]
[Result "1/2-1/2"]
[BlackElo "2113"]
[WhiteElo "2291"]
[LiveChessVersion "1.4.8"]

1. Nf3 {[%clk 1:30:57]} d5 {[%clk 1:30:24]} 2. d4 {[%clk 1:31:23]} c5
{[%clk 1:30:13]} 3. dxc5 {[%clk 1:30:57]} Nf6 {[%clk 1:29:37]} 4. c4
{[%clk 1:30:47]} e6 {[%clk 1:29:48]} 5. cxd5 {[%clk 1:30:54]} exd5
{[%clk 1:29:32]} 6. g3 {[%clk 1:31:16]} Bxc5 {[%clk 1:29:24]} 7. Bg2
{[%clk 1:31:40]} O-O {[%clk 1:28:55]} 8. O-O {[%clk 1:32:07]} Nc6
{[%clk 1:28:05]} 9. b3 {[%clk 1:31:54]} Ne4 {[%clk 1:24:09]} 10. Bb2
{[%clk 1:31:20]} Qb6 {[%clk 1:20:38]} 11. e3 {[%clk 1:28:37]} Re8
{[%clk 1:11:32]} 12. Nd4 {[%clk 1:18:44]} 1/2-1/2

[Event "XXVI Miedzynarodowy Festiwal Szachowy im.Jozefa Dominika"]
[Site "Dobczyce"]
[Date "2018.07.15"]
[Round "9.2"]
[White "Bednarczyk, Damian"]
[Black "Szczurek, Krzysztof"]
[Result "1/2-1/2"]
[BlackElo "2136"]
[WhiteElo "2227"]
[LiveChessVersion "1.4.8"]

1. e4 {[%clk 1:30:19]} c5 {[%clk 1:30:53]} 2. Nf3 {[%clk 1:30:42]} d6
{[%clk 1:31:16]} 3. d4 {[%clk 1:31:07]} cxd4 {[%clk 1:31:40]} 4. Nxd4
{[%clk 1:31:32]} Nf6 {[%clk 1:32:05]} 5. Nc3 {[%clk 1:31:51]} a6 {[%clk 1:32:29]}
6. Be3 {[%clk 1:32:05]} e5 {[%clk 1:32:48]} 7. Nb3 {[%clk 1:31:58]} Be7
{[%clk 1:32:59]} 8. f3 {[%clk 1:32:20]} Be6 {[%clk 1:32:53]} 9. Qd2
{[%clk 1:32:18]} O-O {[%clk 1:32:40]} 10. O-O-O {[%clk 1:32:38]} Qc7
{[%clk 1:32:17]} 11. g4 {[%clk 1:32:20]} b5 {[%clk 1:32:22]} 12. g5
{[%clk 1:29:19]} Nh5 {[%clk 1:30:27]} 13. Rg1 {[%clk 1:27:55]} Nd7
{[%clk 1:29:53]} 14. Nd5 {[%clk 1:24:06]} Bxd5 {[%clk 1:30:16]} 15. exd5
{[%clk 1:24:34]} Nb6 {[%clk 1:23:08]} 16. Na5 {[%clk 1:19:19]} Nxd5
{[%clk 1:19:40]} 17. Qxd5 {[%clk 1:19:44]} Qxa5 {[%clk 1:20:07]} 18. Bd3
{[%clk 1:18:03]} g6 {[%clk 1:13:13]} 19. Rg4 {[%clk 1:14:16]} Qd8
{[%clk 1:09:54]} 20. Rdg1 {[%clk 1:09:03]} Qd7 {[%clk 1:08:52]} 21. Be4
{[%clk 0:54:00]} Rac8 {[%clk 1:05:32]} 22. Kb1 {[%clk 0:50:07]} Rfd8
{[%clk 0:59:05]} 23. Rd1 {[%clk 0:43:15]} Rc4 {[%clk 0:48:59]} 24. b3
{[%clk 0:33:40]} Rcc8 {[%clk 0:48:17]} 25. Qb7 {[%clk 0:29:28]} Qxb7
{[%clk 0:35:29]} 26. Bxb7 {[%clk 0:29:51]} Rb8 {[%clk 0:35:55]} 27. Bd5
{[%clk 0:26:05]} Ng7 {[%clk 0:35:23]} 28. Ba7 {[%clk 0:23:34]} Rbc8
{[%clk 0:35:42]} 29. f4 {[%clk 0:21:54]} Rd7 {[%clk 0:34:59]} 30. Be3
{[%clk 0:21:10]} Nf5 {[%clk 0:34:47]} 31. Bc1 {[%clk 0:20:58]} Rdc7
{[%clk 0:34:00]} 32. Rg2 {[%clk 0:18:29]} Bf8 {[%clk 0:32:16]} 33. Be4
{[%clk 0:16:00]} 1/2-1/2

[Event "XXVI Miedzynarodowy Festiwal Szachowy im.Jozefa Dominika"]
[Site "Dobczyce"]
[Date "2018.07.15"]
[Round "9.3"]
[White "Kasperek, Ryszard"]
[Black "Kozak, Antoni"]
[Result "1/2-1/2"]
[BlackElo "2208"]
[WhiteElo "2156"]
[LiveChessVersion "1.4.8"]

1. e4 {[%clk 1:30:59]} c6 {[%clk 1:30:09]} 2. d4 {[%clk 1:30:46]} d5
{[%clk 1:30:34]} 3. exd5 {[%clk 1:30:44]} cxd5 {[%clk 1:30:59]} 4. c4
{[%clk 1:31:10]} Nf6 {[%clk 1:31:24]} 5. Nc3 {[%clk 1:31:36]} Nc6
{[%clk 1:31:51]} 6. Bg5 {[%clk 1:32:02]} dxc4 {[%clk 1:31:35]} 7. Bxc4
{[%clk 1:28:55]} h6 {[%clk 1:31:08]} 8. Be3 {[%clk 1:26:34]} e6 {[%clk 1:29:31]}
9. Nf3 {[%clk 1:25:23]} Bd6 {[%clk 1:25:20]} 10. O-O {[%clk 1:22:42]} O-O
{[%clk 1:24:23]} 11. Qe2 {[%clk 1:14:44]} b6 {[%clk 1:13:03]} 12. Rad1
{[%clk 1:01:04]} Ne7 {[%clk 1:12:29]} 13. Ne5 {[%clk 0:56:35]} Nfd5
{[%clk 1:09:24]} 14. Bc1 {[%clk 0:42:02]} Nxc3 {[%clk 1:05:40]} 15. bxc3
{[%clk 0:42:26]} Bb7 {[%clk 1:04:09]} 16. Rd3 {[%clk 0:30:37]} Bd5
{[%clk 0:58:09]} 17. Bb3 {[%clk 0:30:35]} Bxb3 {[%clk 0:58:01]} 18. axb3
{[%clk 0:31:01]} Qc7 {[%clk 0:57:03]} 19. Rh3 {[%clk 0:22:11]} Bxe5
{[%clk 0:54:57]} 20. dxe5 {[%clk 0:22:13]} Rfd8 {[%clk 0:55:09]} 21. g4
{[%clk 0:11:22]} Ng6 {[%clk 0:53:58]} 22. g5 {[%clk 0:07:58]} Qxe5
{[%clk 0:53:35]} 23. Qxe5 Nxe5 24. gxh6 {[%clk 0:08:14]} Rd3 {[%clk 0:52:48]} 25.
Rxd3 {[%clk 0:07:25]} Nxd3 {[%clk 0:53:12]} 26. hxg7 {[%clk 0:07:52]} Nxc1
{[%clk 0:51:30]} 27. Rxc1 {[%clk 0:08:19]} Rd8 {[%clk 0:51:53]} 28. b4
{[%clk 0:06:48]} Kxg7 {[%clk 0:51:20]} 29. Ra1 Ra8 1/2-1/2